<?xml version="1.0" encoding="UTF-8"?><?xml-stylesheet type="text/xsl" href="static/style.xsl"?><OAI-PMH xmlns="http://www.openarchives.org/OAI/2.0/" xmlns:xsi="http://www.w3.org/2001/XMLSchema-instance" xsi:schemaLocation="http://www.openarchives.org/OAI/2.0/ http://www.openarchives.org/OAI/2.0/OAI-PMH.xsd"><responseDate>2026-04-17T18:55:42Z</responseDate><request verb="GetRecord" identifier="oai:www.recercat.cat:2072/469346" metadataPrefix="marc">https://recercat.cat/oai/request</request><GetRecord><record><header><identifier>oai:recercat.cat:2072/469346</identifier><datestamp>2025-07-29T21:53:19Z</datestamp><setSpec>com_2072_98</setSpec><setSpec>col_2072_378192</setSpec></header><metadata><record xmlns="http://www.loc.gov/MARC21/slim" xmlns:dcterms="http://purl.org/dc/terms/" xmlns:xsi="http://www.w3.org/2001/XMLSchema-instance" xmlns:doc="http://www.lyncode.com/xoai" xsi:schemaLocation="http://www.loc.gov/MARC21/slim http://www.loc.gov/standards/marcxml/schema/MARC21slim.xsd">
   <leader>00925njm 22002777a 4500</leader>
   <datafield ind2=" " ind1=" " tag="042">
      <subfield code="a">dc</subfield>
   </datafield>
   <datafield ind2=" " ind1=" " tag="720">
      <subfield code="a">Giner-Soriano, Maria</subfield>
      <subfield code="e">author</subfield>
   </datafield>
   <datafield ind2=" " ind1=" " tag="720">
      <subfield code="a">Prat-Vallverdú, Oriol</subfield>
      <subfield code="e">author</subfield>
   </datafield>
   <datafield ind2=" " ind1=" " tag="720">
      <subfield code="a">Ouchi, Dan</subfield>
      <subfield code="e">author</subfield>
   </datafield>
   <datafield ind2=" " ind1=" " tag="720">
      <subfield code="a">Vilaplana-Carnerero, Carles</subfield>
      <subfield code="e">author</subfield>
   </datafield>
   <datafield ind2=" " ind1=" " tag="720">
      <subfield code="a">Morros, Rosa</subfield>
      <subfield code="e">author</subfield>
   </datafield>
   <datafield ind2=" " ind1=" " tag="720">
      <subfield code="a">Universitat Autònoma de Barcelona</subfield>
      <subfield code="e">author</subfield>
   </datafield>
   <datafield ind2=" " ind1=" " tag="260">
      <subfield code="c">2023</subfield>
   </datafield>
   <datafield ind2=" " ind1=" " tag="520">
      <subfield code="a">Objectives: To describe the sex and gender differences in the treatment initiation and in the socio-demographic and clinical characteristics of all patients initiating an oral anticoagulant (OAC), and the sex and gender differences in prescribed doses and adherence and persistence to the treatment of those receiving direct oral anticoagulants (DOAC). Material and methods: Cohort study including patients with non-valvular atrial fibrillation (NVAF) who initiated OAC in 2011-2020. Data proceed from SIDIAP, Information System for Research in Primary Care, in Catalonia, Spain. Results: 123,250 people initiated OAC, 46.9% women and 53.1% men. Women were older and the clinical characteristics differed between genders. Women had higher risk of stroke than men at baseline, were more frequently underdosed with DOAC and discontinued the DOAC less frequently than men. Conclusion: We described the dose adequacy of patients receiving DOAC, finding a high frequency of underdosing, and significantly higher in women in comparison with men. Adherence was generally high, only with higher levels in women for rivaroxaban. Persistence during the first year of treatment was also high in general, being significantly more persistent women than men in the case of dabigatran and edoxaban. Dose inadequacy, lack of adherence and of persistence can result in less effective and safe treatments. It is necessary to conduct studies analysing sex and gender differences in health and disease.</subfield>
   </datafield>
   <datafield tag="653" ind2=" " ind1=" ">
      <subfield code="a">Adherence-compliance-persistance</subfield>
   </datafield>
   <datafield tag="653" ind2=" " ind1=" ">
      <subfield code="a">Atrial fibrillation</subfield>
   </datafield>
   <datafield tag="653" ind2=" " ind1=" ">
      <subfield code="a">Electronic health records-EHR</subfield>
   </datafield>
   <datafield tag="653" ind2=" " ind1=" ">
      <subfield code="a">Gender differences</subfield>
   </datafield>
   <datafield tag="653" ind2=" " ind1=" ">
      <subfield code="a">Oral anticoagulants (OACs)</subfield>
   </datafield>
   <datafield tag="653" ind2=" " ind1=" ">
      <subfield code="a">Primary health care (PHC)</subfield>
   </datafield>
   <datafield ind2="0" ind1="0" tag="245">
      <subfield code="a">Sex and gender differences in the use of oral anticoagulants for non-valvular atrial fibrillation : A population-based cohort study in primary health care in catalonia</subfield>
   </datafield>
</record></metadata></record></GetRecord></OAI-PMH>